[Event "Let's Play Chess!"]
[Site "http://www.queenalice.com/game.php?id=1112630"]
[Date "2012.10.15"]
[Round "-"]
[White "ricardobianchin"]
[Black "Mxrrero"]
[Result "0-1"]
[WhiteElo "1758"]
[BlackElo "1870"]

1. e4 c5 2. Nc3 Nc6 3. Nf3 d6 4. h3 g6 5. d4 cxd4 6. Nxd4 Bg7 7. Be3 a6 8. Qd2
e6 9. Nf3 Nce7 10. O-O-O Nc6 11. Na4 b5 12. Nb6 Rb8 13. Qxd6 Qxd6 14. Rxd6 Nge7
15. Nxc8 Rxc8 16. Kb1 O-O 17. Be2 Rfd8 18. Rxd8+ Rxd8 19. c4 b4 20. c5 a5 21.
Bb5 Bf8 22. Bg5 Rc8 23. Be3 Na7 24. Ba6 Rc6 25. Be2 h5 26. Rd1 Rc7 0-1

[Event "Challenge"]
[Site "http://www.queenalice.com/game.php?id=1118931"]
[Date "2012.11.4"]
[Round "-"]
[White "AlekinePb"]
[Black "Mxrrero"]
[Result "0-1"]
[WhiteElo "1848"]
[BlackElo "1749"]

1. d4 e6 2. c4 b6 3. Nc3 Bb7 4. e4 Bb4 5. f3 f5 6. Bd3 Nh6 7. Bxh6 gxh6 8. Ne2
Qh4+ 9. g3 Qh5 10. O-O Nc6 11. d5 Ne5 12. Nf4 Qf7 13. dxe6 dxe6 14. Qa4+ Nc6 15.
exf5 Bc5+ 16. Kg2 exf5 17. Rae1+ Kf8 18. Ne6+ Kg8 19. Nb5 Qf6 20. Nexc7 Rd8 21.
Re6 Qxb2+ 22. Rf2 Qxf2+ 23. Kh3 Qxf3 24. Be2 Qf2 25. Nd5 Bc8 26. Rxc6 f4+ 27.
Bg4 Qf1+ 28. Kh4 Qg2 29. Bxc8 Qxh2+ 30. Kg4 Qxg3+ 31. Kf5 Rf8+ 32. Ke4 Re8+ 33.
Re6 Rxc8 34. Nf6+ Kf7 35. Nd6+ Kxe6 36. Qd7+ Kxf6 37. Qf5+ Ke7 38. Nxc8+ Rxc8
39. Qxc8 Qe3+ 40. Kd5 Qd4+ 41. Kc6 Qd6+ 42. Kb7 Qd7+ 43. Qxd7+ Kxd7 44. a4 a5
45. Ka6 f3 46. Kb7 f2 47. Ka8 f1=Q 48. Ka7 Kc6 49. Kb8 Qf8+ 50. Ka7 Qe7+ 0-1

[Event "Let's Play Chess!"]
[Site "http://www.queenalice.com/game.php?id=1121318"]
[Date "2012.11.12"]
[Round "-"]
[White "Piazzolero"]
[Black "Mxrrero"]
[Result "1-0"]
[WhiteElo "1639"]
[BlackElo "1713"]

1. d4 c5 2. dxc5 Nc6 3. Be3 e6 4. Nc3 Nf6 5. Nf3 Qa5 6. a3 g6 7. b4 Qc7 8. Qd2
h5 9. Bd4 Bg7 10. Nb5 Qd8 11. Nd6+ Kf8 12. Ng5 Qe7 13. e4 Nxd4 14. Qxd4 Ng4 15.
Qd1 Bxa1 16. Qxa1 Rg8 17. Nh7# 1-0

[Event "Let's Play Chess!"]
[Site "http://www.queenalice.com/game.php?id=1121319"]
[Date "2012.11.12"]
[Round "-"]
[White "Mxrrero"]
[Black "adelio"]
[Result "1-0"]
[WhiteElo "1679"]
[BlackElo "1733"]

1. d4 d5 2. Nf3 f6 3. c4 c5 4. Nc3 e6 5. e3 a6 6. a4 Ra7 7. Bd3 b6 8. cxd5 exd5
9. O-O Nc6 10. Re1 Bg4 11. h3 Bxf3 12. Qxf3 Nge7 13. b3 Qc7 14. Nxd5 Qb8 15.
Nxf6+ gxf6 16. Qxf6 Rg8 17. Bxh7 Bg7 18. Bg6+ Nxg6 19. Qxc6+ Kf7 20. Qd5+ Ke7
21. Ba3 Qd6 22. Qxg8 Qf6 23. dxc5 Rd7 24. c6+ Rd6 25. Bxd6+ Kxd6 26. c7 Kxc7 27.
Rac1+ Kd6 28. Red1+ Qd4 29. exd4 Nf4 30. Qd8+ Ke6 31. Re1+ Kf7 32. Qe8+ Kf6 33.
Rc6+ Kg5 34. Qd7 Nxh3+ 35. gxh3 Bf6 36. Qg4+ Kh6 37. Rxf6+ Kh7 38. Re7+ Kh8 39.
Qg7# 1-0

[Event "Let's Play Chess!"]
[Site "http://www.queenalice.com/game.php?id=1121320"]
[Date "2012.11.12"]
[Round "-"]
[White "adelio"]
[Black "Mxrrero"]
[Result "1-0"]
[WhiteElo "1777"]
[BlackElo "1765"]

1. f4 d5 2. d4 c5 3. c4 Nf6 4. Nc3 cxd4 5. Nxd5 Nxd5 6. cxd5 Qxd5 7. Nf3 Nc6 8.
e3 e5 9. Qe2 Bb4+ 10. Bd2 Bxd2+ 11. Qxd2 O-O 12. b3 Re8 13. Bc4 Qe4 14. Bxf7+
Kf8 15. h3 Re7 16. Ng5 Qf5 17. g4 Qd7 18. O-O e4 19. Bc4 h6 20. Nh7+ Ke8 21. f5
Ne5 22. f6 Nf3+ 23. Rxf3 exf3 24. fxe7 Qxe7 25. Qxd4 Bd7 26. Rf1 Bc6 27. Qf4 g5
28. Nf6+ Kd8 29. Rd1+ Kc8 30. Qf5+ Kc7 31. e4 Rf8 32. e5 Qc5+ 33. Kh1 f2+ 34.
Kh2 Kb6 35. Qe6 Ka5 36. Qf5 Rf7 37. Bxf7 f1=Q 38. Rxf1 b6 39. e6 Qxf5 40. Rxf5+
Bb5 41. e7 Kb4 42. Rxb5+ Kxb5 43. e8=Q+ Ka6 44. Bc4+ Ka5 45. Qb5# 1-0

[Event "Let's Play Chess!"]
[Site "http://www.queenalice.com/game.php?id=1121321"]
[Date "2012.11.12"]
[Round "-"]
[White "Mxrrero"]
[Black "spawnwolfwolverine"]
[Result "1-0"]
[WhiteElo "1861"]
[BlackElo "1784"]

1. d4 d5 2. c4 dxc4 3. Nc3 e6 4. e4 Bb4 5. Nf3 Bxc3+ 6. bxc3 Nf6 7. Bg5 O-O 8.
e5 h6 9. Bh4 g5 10. Nxg5 hxg5 11. Bxg5 Qd5 12. Bxf6 Nd7 13. Qg4+ Kh7 14. Qg7#
1-0

[Event "Challenge"]
[Site "http://www.queenalice.com/game.php?id=1121781"]
[Date "2012.11.13"]
[Round "-"]
[White "betofortaleza"]
[Black "Mxrrero"]
[Result "0-1"]
[WhiteElo "1867"]
[BlackElo "1882"]

1. e4 c6 2. e5 d5 3. d4 c5 4. dxc5 e6 5. b4 a6 6. a4 Bd7 7. Nf3 Nc6 8. c3 g6 9.
Bd3 Bg7 10. Bf4 f6 11. exf6 Nxf6 12. O-O O-O 13. Bd6 Rf7 14. Ng5 Qe8 15. Qf3 Ne7
16. Nxf7 Qxf7 17. a5 Nf5 18. Bxf5 exf5 19. Nd2 Bc6 20. Qg3 d4 21. cxd4 Nd5 22.
Rfe1 Nxb4 23. Re7 Qd5 24. Nf3 Nc2 25. Rd1 Bxd4 26. Nxd4 Nxd4 27. Be5 Ne2+ 0-1

[Event "Challenge"]
[Site "http://www.queenalice.com/game.php?id=1121782"]
[Date "2012.11.13"]
[Round "-"]
[White "Mxrrero"]
[Black "betofortaleza"]
[Result "1-0"]
[WhiteElo "1697"]
[BlackElo "1931"]

1. d4 d6 2. c4 e5 3. dxe5 dxe5 4. Qxd8+ Kxd8 5. Nc3 Bb4 6. Bd2 Nf6 7. e4 Bxc3 8.
Bxc3 Nxe4 9. Bxe5 Re8 10. O-O-O+ Bd7 11. Bg3 Nc6 12. Nf3 Kc8 13. Nd2 Nb4 14. a3
Na2+ 15. Kc2 Nc5 16. Kb1 Ba4 17. b3 Nc3+ 18. Kc2 Nxd1 19. bxa4 Ne4 20. Nxe4 Rxe4
21. Kxd1 Rd4+ 22. Kc2 Kd7 23. Be5 Rg4 24. g3 f6 25. Bf4 Rd8 26. Bh3 f5 27. Rd1+
Kc8 28. Rxd8+ Kxd8 29. Bxg4 fxg4 30. Kd3 Kd7 31. Kd4 Kc6 32. Bd2 b6 33. Ke5 Kc5
34. Kf5 Kxc4 35. a5 b5 36. Kxg4 Kd5 37. Kf5 c5 38. Bc3 g6+ 39. Kf6 Kc4 40. Bd2
b4 41. axb4 cxb4 42. Bxb4 Kxb4 43. Kg7 Kxa5 44. Kxh7 Kb5 45. Kxg6 a5 46. f4 a4
47. f5 a3 48. f6 a2 49. f7 a1=Q 50. f8=Q Qg1 51. Qf3 Kc5 52. h4 Kd6 53. h5 1-0

[Event "Challenge"]
[Site "http://www.queenalice.com/game.php?id=1123223"]
[Date "2012.11.17"]
[Round "-"]
[White "Mxrrero"]
[Black "Clarence"]
[Result "1-0"]
[WhiteElo "1722"]
[BlackElo "1961"]

1. d4 d5 2. c4 Nf6 3. e3 c5 4. Nc3 e6 5. Nf3 Bd6 6. Bd2 Nc6 7. a3 Ne7 8. Bd3
cxd4 9. exd4 b6 10. cxd5 exd5 11. O-O Bg4 12. Re1 O-O 13. h3 Bd7 14. Bg5 Nh5 15.
Nxd5 f6 16. Nxe7+ Bxe7 17. Bd2 f5 18. Ne5 Nf6 19. Qb3+ Kh8 20. Nf7+ Rxf7 21.
Qxf7 Bd6 22. Re2 Qc7 23. Rc1 Qb7 24. Bxf5 Rd8 25. Rce1 Rf8 26. Re8 Rg8 27. Rxg8+
Nxg8 28. Re8 1-0

[Event "AUTO-INT-2369"]
[Site "http://www.queenalice.com/game.php?id=1124549"]
[Date "2012.11.21"]
[Round "2"]
[White "nuage"]
[Black "Mxrrero"]
[Result "0-1"]
[WhiteElo "1710"]
[BlackElo "1897"]

1. Nf3 d5 2. d3 Nf6 3. g3 c5 4. Bg2 Nc6 5. O-O e5 6. Bg5 Be7 7. Nc3 O-O 8. Bxf6
Bxf6 9. Nd2 Be6 10. Nb3 Be7 11. e4 d4 12. Nd5 Bd6 13. Nd2 f5 14. Bh3 Qg5 15. f4
exf4 16. Nf3 Qh6 17. Bg2 fxg3 18. hxg3 Bxg3 19. Nc7 Qe3+ 20. Kh1 fxe4 21. Nd2
Qh6+ 22. Kg1 Qh2# 0-1

[Event "AUTO-INT-2369"]
[Site "http://www.queenalice.com/game.php?id=1124550"]
[Date "2012.11.21"]
[Round "2"]
[White "Mxrrero"]
[Black "nuage"]
[Result "0-1"]
[WhiteElo "1811"]
[BlackElo "1599"]

1. d4 d5 2. c4 dxc4 3. Nc3 e6 4. e4 Nf6 5. Bxc4 Bb4 6. Bd2 Qxd4 7. Bb3 Nxe4 8.
Nxe4 Qxe4+ 9. Qe2 Qxg2 10. Qf3 Bxd2+ 11. Kxd2 Qxf3 12. Nxf3 O-O 13. Rac1 Rd8+
14. Ke2 Nc6 15. Rhg1 e5 16. Ng5 Nd4+ 17. Ke3 Bf5 18. Bxf7+ Kf8 19. Rxc7 h6 20.
Nf3 Nb5 21. Rxb7 Nd6 22. Bd5 Nxb7 23. Bxb7 Rab8 24. Ba6 Rxb2 25. Nxe5 Rxa2 26.
Bb7 Ra3+ 27. Kf4 Bh7 28. Rc1 Rd4+ 29. Be4 Rxe4# 0-1

[Event "AUTO-INT-2369"]
[Site "http://www.queenalice.com/game.php?id=1124551"]
[Date "2012.11.21"]
[Round "2"]
[White "silvc"]
[Black "Mxrrero"]
[Result "1-0"]
[WhiteElo "1727"]
[BlackElo "1879"]

1. e4 c5 2. Nf3 Nc6 3. Nc3 e6 4. d4 d5 5. e5 cxd4 6. Nxd4 Nxd4 7. Qxd4 Qc7 8.
Bb5+ Bd7 9. O-O Bc5 10. Nxd5 exd5 11. Bxd7+ Kd8 12. Qxd5 Qxd7 13. Qxc5 Ne7 14.
Bg5 Ke8 15. Rad1 Rc8 16. Qxa7 Qb5 17. b3 h6 18. c4 1-0

[Event "AUTO-INT-2369"]
[Site "http://www.queenalice.com/game.php?id=1124552"]
[Date "2012.11.21"]
[Round "2"]
[White "Mxrrero"]
[Black "silvc"]
[Result "0-1"]
[WhiteElo "1857"]
[BlackElo "1749"]

1. d4 d5 2. c4 Nf6 3. Nc3 c6 4. Nf3 Bf5 5. e3 e6 6. Be2 g5 7. cxd5 Nxd5 8. Ne5
Bb4 9. Bd2 Nd7 10. e4 Nxe5 11. exf5 Nd7 12. fxe6 fxe6 13. Bh5+ Kf8 14. O-O N7f6
15. Qf3 Rg8 16. a3 g4 17. Bh6+ Ke7 0-1

[Event "OS INCLIVEIS"]
[Site "http://www.queenalice.com/game.php?id=1129724"]
[Date "2012.12.9"]
[Round "-"]
[White "adelio"]
[Black "Mxrrero"]
[Result "1-0"]
[WhiteElo "1715"]
[BlackElo "1694"]

1. f4 e6 2. h4 b6 3. c4 Bb7 4. Nc3 c5 5. e4 Nc6 6. Nf3 Qc7 7. d3 g6 8. g4 Bd6 9.
e5 Be7 10. h5 Nd4 11. Bg2 f6 12. hxg6 h6 13. g5 fxg5 14. fxg5 h5 15. Ne4 O-O-O
16. Rg1 Nxf3+ 17. Bxf3 h4 18. Bf4 Rf8 19. Qd2 Bxg5 20. Rxg5 Nh6 21. Nd6+ Kb8 22.
Bxb7 Nf5 23. Rxf5 Rxf5 24. Be4 Rfh5 25. g7 Rg8 26. Qg2 Qd8 27. Bg6 Rxg7 28. Qb7#
1-0

[Event "AUTO-INT-2343"]
[Site "http://www.queenalice.com/game.php?id=1132248"]
[Date "2012.12.18"]
[Round "2"]
[White "Mxrrero"]
[Black "joao_messias"]
[Result "1-0"]
[WhiteElo "1748"]
[BlackElo "1562"]

1. c4 e5 2. Nc3 d6 3. Nf3 Nf6 4. h3 Nc6 5. e4 Nd4 6. Nxd4 exd4 7. Ne2 c5 8. a3
Nxe4 9. d3 Nf6 10. Bg5 h6 11. Bh4 g5 12. Bg3 Bd7 13. Qb3 Qa5+ 14. Kd1 Ba4 15.
Qxa4+ Qxa4+ 16. Kc1 O-O-O 17. Rb1 Nh5 18. Bh2 b5 19. g3 bxc4 20. dxc4 Qxc4+ 21.
Kd1 1-0

[Event "AUTO-INT-2343"]
[Site "http://www.queenalice.com/game.php?id=1132249"]
[Date "2012.12.18"]
[Round "2"]
[White "joao_messias"]
[Black "Mxrrero"]
[Result "0-1"]
[WhiteElo "1553"]
[BlackElo "1757"]

1. e4 d6 2. d3 c5 3. Nc3 Nc6 4. h3 Nf6 5. Nf3 g6 6. Be2 Bg7 7. Bd2 a6 8. a3 e6
9. O-O O-O 10. Nh2 Nd4 11. Ng4 Nh5 12. Nh6+ Kh8 13. Bxh5 gxh5 14. Qxh5 Bxh6 15.
Bxh6 Rg8 16. h4 Rg6 17. Bg5 Qg8 18. g3 Nf3+ 19. Kg2 Nd4 20. f4 f6 21. f5 exf5
0-1

[Event "AUTO-INT-2343"]
[Site "http://www.queenalice.com/game.php?id=1132250"]
[Date "2012.12.18"]
[Round "2"]
[White "Mxrrero"]
[Black "FranzMeM"]
[Result "0-1"]
[WhiteElo "1837"]
[BlackElo "1581"]

1. e4 e5 2. Nf3 d6 3. Nc3 c6 4. Bc4 h6 5. O-O Nf6 6. d3 Be7 7. Be3 b5 8. Bb3 a5
9. a3 a4 10. Ba2 Bb7 11. Nh4 Nxe4 0-1

[Event "AUTO-INT-2343"]
[Site "http://www.queenalice.com/game.php?id=1132251"]
[Date "2012.12.18"]
[Round "2"]
[White "FranzMeM"]
[Black "Mxrrero"]
[Result "1-0"]
[WhiteElo "1507"]
[BlackElo "1787"]

1. e4 e5 2. Bc4 Nf6 3. Qf3 Nc6 4. Ne2 d6 5. h3 g6 6. d3 Bg7 7. Bg5 O-O 8. Nbc3
Be6 9. Nd5 Bxd5 10. Bxd5 h6 11. Bxf6 Bxf6 12. Bxc6 bxc6 13. c3 Bg7 14. O-O f5
15. Ng3 1-0

[Event "AUTO-INT-2388"]
[Site "http://www.queenalice.com/game.php?id=1145159"]
[Date "2013.1.25"]
[Round "2"]
[White "jhwickboldt"]
[Black "Mxrrero"]
[Result "1-0"]
[WhiteElo "1954"]
[BlackElo "1740"]

1. e4 c5 2. Bc4 e6 3. a3 Nc6 4. Nf3 d5 5. Bb5 Bd7 6. exd5 exd5 7. O-O Qb6 8.
Bxc6 Bxc6 9. d3 O-O-O 10. b3 h5 11. Bf4 1-0

[Event "MXRRERO vs BART"]
[Site "http://www.queenalice.com/game.php?id=1150392"]
[Date "2013.2.9"]
[Round "-"]
[White "bartataca"]
[Black "Mxrrero"]
[Result "1-0"]
[WhiteElo "1535"]
[BlackElo "1769"]

1. e4 c5 2. Bc4 e6 3. d3 h6 4. Nc3 Nc6 5. a3 Nf6 6. h3 d6 7. Nf3 a6 8. O-O Be7
9. Bf4 O-O 10. Qd2 Kh7 11. Ne2 Nh5 12. Ng3 Nxf4 13. Qxf4 f5 14. exf5 exf5 15.
Nh5 Qc7 16. Qg3 Bf6 17. Rae1 Nd4 18. Nxf6+ gxf6 19. Nh4 Be6 20. Qg6+ Kh8 21.
Qxh6+ Qh7 22. Ng6+ Kg8 23. Qxh7+ Kxh7 24. Nxf8+ Rxf8 25. Bxe6 Nxe6 26. Rxe6 Kg6
27. Rxd6 1-0